000
00238nmm a2200085Ia 4500
008
220120s9999||||xx |||||||||||||||||und||
100
_a
CHIP magazine
245
0
_a
121+ free applications; Red hot applications, 5 full free 3d
260
_c
2013
999
_c
139853
_d
139853